000 00406nam a2200157Ia 4500
999 _c14386
_d14386
003 OSt
005 20260304173516.0
008 260210s9999 xx 000 0 und d
020 _a9780727763495
082 _a388.347
100 _aJohn Parkin
245 0 _aDesigning For Cycle Traffic: International Principles And Practice
260 _b Thomas Telford Ltd
300 _a 248 pages
942 _cUG
_2ddc